00363pab a2200133 454500008004000000100002000040245004800060260000900108300001500117362001200132650004100144650002800185773001600213180718b2010 xxu||||| |||| 00| 0 eng d aMahadevan, Prem aThe war of ideas between India and Pakistan c2010 ap.355-363. aJul-Sep aIndia - Foreign relations - Pakistan aInternational relations aUSI Journal